| 000 | 00414nam a22001577a 4500 | ||
|---|---|---|---|
| 005 | 20200522112822.0 | ||
| 008 | 200522b xxu||||| |||| 00| 0 eng d | ||
| 041 | _aeng | ||
| 082 | _a345.4 | ||
| 100 |
_aChopra. G.R _95736 |
||
| 245 | _aThe All India Reporter1962 (VOL-49) Saatute and articles ref | ||
| 260 |
_aBombay _bThe All India Reporter Ltd. _c1962 |
||
| 300 | _a112p. | ||
| 650 |
_aLaw _95701 |
||
| 942 | _cBK | ||
| 999 |
_c6428 _d6426 |
||